000 00382nam a2200169Ia 4500
008 170705s9999 xx 000 0 und d
020 _a9780531162460
245 _aWacky trees /
245 _cD. M. Souza.
260 _aNew York :
260 _bScholastic,
260 _c2003
300 _a63 pages :
300 _bcolor illustration ;
300 _c24cm.
500 _a1090
999 _c336667
_d336667